Maillot du Réal Madrid par saison - Statistiques

Statistiques générales
  • Ce quiz a été pris 169 fois
    35 depuis la dernière actualisation
  • Le résultat moyen est 12 sur 17
Statistiques - réponses
Par images Réponse % Correct
2024/2025
97%
2017/2018
93%
2023/2024
93%
2013/2014
83%
2021/2022
83%
2010/2011
79%
2018/2019
79%
2011/2012
76%
2016/2017
72%
2019/2020
69%
2012/2013
62%
2014/2015
62%
2022/2023
62%
2009/2010
59%
2025/2026
55%
2020/2021
48%
2015/2016
41%
Aucun quiz correspondant
Distribution des résultats
% des personnes avec chaque résultat
Percentile par nombre de réponses
Votre historique - résultats
Vous n’avez pas pris ce quiz depuis la dernière actualisation